000 00402nam a2200109Ia 4500
008 171204s9999 xx 000 0 und d
245 _aRelational Psychotherapy, Psychoanalysis and Counselling: Appraisals and reappraisals
245 _cAndrew Samuels and Del Loewenthal
260 _c2014
650 _xPSYCHOLOGICAL COUNSELING AND PSYCHOTHERAPY
856 _uhttp://down.ebook777.com/048/0415721547.pdf
999 _c346532
_d346532